|
|
|
|
| LEADER |
05593nam a22004093i 4500 |
| 001 |
EBC7101335 |
| 003 |
MiAaPQ |
| 005 |
20240729202204.0 |
| 006 |
m o d | |
| 007 |
cr cnu|||||||| |
| 008 |
240729s2014 xx o ||||0 ger d |
| 020 |
|
|
|a 9783428574001
|q (electronic bk.)
|
| 020 |
|
|
|z 9783428174003
|
| 035 |
|
|
|a (MiAaPQ)EBC7101335
|
| 035 |
|
|
|a (Au-PeEL)EBL7101335
|
| 035 |
|
|
|a (OCoLC)1347025835
|
| 040 |
|
|
|a MiAaPQ
|b eng
|e rda
|e pn
|c MiAaPQ
|d MiAaPQ
|
| 100 |
1 |
|
|a Caro, Leopold.
|
| 245 |
1 |
0 |
|a Auswanderung und Auswanderungspolitik In Österreich :
|b Im Auftrag des Vereins Für Socialpolitik Herausgegeben. (Schriften des Vereins Für Socialpolitik 131).
|
| 250 |
|
|
|a 1st ed.
|
| 264 |
|
1 |
|a Berlin :
|b Duncker & Humblot,
|c 2014.
|
| 264 |
|
4 |
|c {copy}1909.
|
| 300 |
|
|
|a 1 online resource (293 pages)
|
| 336 |
|
|
|a text
|b txt
|2 rdacontent
|
| 337 |
|
|
|a computer
|b c
|2 rdamedia
|
| 338 |
|
|
|a online resource
|b cr
|2 rdacarrier
|
| 490 |
1 |
|
|a Duncker and Humblot Reprints Series
|
| 505 |
0 |
|
|a Intro -- Inhaltsübersicht -- Vorbemerkung -- Erster Abschnitt. Zur Einführung -- Forschungsprogramm -- Übervölkerung und Auswanderung -- Berechnungen des Verlustes für die heimische Wirtschaft durch die Auswanderung -- Soziale Erziehung -- Der Begriff der Auswanderung -- Zweiter Abschnitt. Statistik der Auswanderung aus Österreich -- A. Vereinigte Staaten von Nordamerika -- Mitgebrachte Barschaft -- Zurückgewiesene -- Hafenstatistik -- Reiseziel -- Österreicher über ausländische Häfen -- Mädchenhandel -- B) Die übrigen in Betracht kommenden amerikanischen Staaten -- C) Die kontinentale Wanderung aus Österreich -- D) Die Rückwanderung -- E) Geldheimsendung -- Dritter Abschnitt. Lage der überseeischen Auswanderer. Ihre Anwerbung und Reise -- Ursachen der Auswanderung -- Ursachen der Auswanderung in Galizien -- Ursachen der Auswanderung in der Bukowina -- Ursachen der Auswanderung in der Budweiser Diözese Böhmens -- Die Agenten und Subagenten -- Kontrolle und Transport der Auswanderer in Preußen -- In den deutschen Häfen -- In Genua -- Die Kontrolle in den Niederlanden -- Geldwechsel -- Auf See -- Vierter Abschnitt. Einwanderungspolitik in den Vereinigten Staaten, Kanada, Brasilien und Argentinien -- V. St. von Nordamerika -- Kanada -- Brasiliens -- Argentinien -- Fünfter Abschnitt. Lage der kontinentalen Auswanderer -- Der Arbeitslohn -- Die Behandlung der österreichischen Arbeiter seitens der Arbeitgeber -- Ausnahmegesetze -- Andere Länder -- Sechster Abschnitt. Österreichisches Recht und Versuche gesetzlicher Regelung der Auswandererfürsorge -- Siebenter Abschnitt. Gesichtspunkte und Aufgaben einer österreichischen Auswanderungspolitik -- I. Präventive Maßregeln -- II. Soziale Fürsorge seitens des Staates und der Gesellschaft -- A. Die Beschränkungen der Auswanderungsfreiheit -- B. Die Anwerbung.
|
| 505 |
8 |
|
|a C. Die Bahnreise. Im Hafen. Das Auswandererschiff -- D. Strafbestimmungen -- E. Rücktransport -- F. Die Schiffsmannschaft -- G. Vorsorge für Unterkunft und Arbeitervermittlung im Einwanderungslande -- H. Fürsorge für die Saisonwanderer -- I. Auskunfterteilung -- K. Auswanderungsbehörden -- L. Ein besonderer Auswanderungsfonds -- M. Verbilligung der Geldheimsendung -- III. Nationale Auswanderungspokitik -- Achter Abschnitt. Internationale Regelung -- Beilagen -- I. Schweizerisches Bundesgesetz vom 22. März 1888 -- II. Deutsches Gesetz vom 5. Juni 1897. Ar. 26 RGB -- I. Unternehmer -- II. Agenten -- III. Gemeinsame Bestimmungen für Unternehmer und Agenten -- IV. Allgemeine Bestimmungen über die Beförderung von Auswanderern -- V. Besondere Bestimmungen für die überseeische Auswanderung nach außereuropäischen Ländern -- VI. Auswanderungsbehörden -- VII. Beförderung von außerdeutschen Häfen aus -- VIII. Strafbestimmungen -- III. Italienisches Gesetz vom 31. Jänner 1901. Nr. 23 -- I. Abschnitt -- Von der Auswanderung im allgemeinen -- II. Abschnitt -- Auswanderung nach überseeischen Ländern -- Auswanderungskommissariat und demselben untergeordnete Ämter -- Unternehmer zur Beförderung von Auswanderern und Fahrpreise -- Streitigkeiten zwischen Beförderungsunternehmern und Auswanderern -- Auswanderungsfonds -- III. Abschnitt -- Allgemeine Bestimmungen -- Strafbestimmungen -- IV. Abschnitt -- Besondere Bestimmungen über den Militärdienst und die Staatsbürgerschaft -- V. Abschnitt -- Übergangsbestimmungen -- III. Ungarisches Auswanderungsgesetz (Gesetzartikel II) vom Jahre 1909 -- I. Abschnitt -- Von der Auswanderung im allgemeinen -- II. Abschnitt -- Die Transportunternehmer -- III. Abschnitt -- Das Rechtsverhältnis zwischen den Transportunternehmern und den Auswanderern -- IV. Abschnitt -- Der Auswanderungsfonds -- V. Abschnitt -- Behörden -- VI. Abschnitt.
|
| 505 |
8 |
|
|a Strafbestimmungen -- VII. Abschnitt -- Schlußbestimmungen -- Druckfehlerverzeichnis.
|
| 588 |
|
|
|a Description based on publisher supplied metadata and other sources.
|
| 590 |
|
|
|a Electronic reproduction. Ann Arbor, Michigan : ProQuest Ebook Central, 2024. Available via World Wide Web. Access may be limited to ProQuest Ebook Central affiliated libraries.
|
| 655 |
|
4 |
|a Electronic books.
|
| 776 |
0 |
8 |
|i Print version:
|a Caro, Leopold
|t Auswanderung und Auswanderungspolitik In Österreich
|d Berlin : Duncker & Humblot,c2014
|z 9783428174003
|
| 797 |
2 |
|
|a ProQuest (Firm)
|
| 830 |
|
0 |
|a Duncker and Humblot Reprints Series
|
| 856 |
4 |
0 |
|u https://ebookcentral.proquest.com/lib/matrademy/detail.action?docID=7101335
|z Click to View
|